000 00824nam a2200277 i 4500
003 DO-SdBNP
005 20260116073831.0
007 ta
008 250225s1979 dr 000 0 spa d
040 _aDO-SdBNP
_bspa
_cBNPHU
_erda
082 4 _axxxx
_bM274
_222
100 _aManel, Dioben
_eautor
_4aut.
_987006
242 _a
245 1 0 _aClaveles del amor /
_cDioben Manel
264 1 _aSantiago, República Dominicana :
_b[Editor no identificado],
_c1979.
300 _a[16] páginas ;
_c22 cm.
336 _atexto
_btxt
_2rdacontent
337 _asin mediación
_bn
_2rdamedia
338 _avolumen
_bnc
_2rdacarrier
590 _aInventariado, 2025/ YL
650 0 _aAutoestima
_9212
650 7 _aAutorrealización (Psicología)
_9211
650 7 _aConducta (Ética)
910 _aYLockward
942 _2ddc
_cLF2
999 _c58229
_d58229